Química física
Saved in:
| Main Authors: | , |
|---|---|
| Format: | Bog |
| Sprog: | spansk |
| Udgivet: |
Madrid, España
Pearson Educación
2006
|
| Fag: | |
| Online adgang: | Disponible Online |
| Tags: |
Tilføj Tag
Ingen Tags, Vær først til at tagge denne postø!
|
MARC
| LEADER | 00000nam a2200000 a 4500 | ||
|---|---|---|---|
| 001 | UCH1411 | ||
| 003 | CL-VaPUC | ||
| 005 | 20240820155647.0 | ||
| 008 | 090427e20060000SP |||||||||||||||||spa|d | ||
| 999 | |c 333461 |d 333459 | ||
| 020 | |a 9788478290772 | ||
| 040 | |c Pontificia Universidad Católica de Valparaíso | ||
| 082 | 0 | 4 | |a 541.3 ENG 2006 |2 21 |
| 100 | 0 | |a Engel, Thomas |e author |9 535902 | |
| 245 | 1 | 0 | |a Química física |
| 260 | |a Madrid, España |b Pearson Educación |c 2006 | ||
| 300 | |a 1063 páginas | ||
| 583 | |a last modification |c 20171031 11:00:30 |k Rodrigo Vera | ||
| 650 | 0 | |a Termodinámica |9 259320 | |
| 650 | 0 | |a Termoquímica |9 337401 | |
| 650 | 0 | |a Gases |9 260945 | |
| 650 | 0 | |a Entropía |9 262675 | |
| 650 | 0 | |a Mecánica cuántica |9 306806 | |
| 650 | 0 | |a Mecánica clásica |2 CL-VaPUC |9 368211 | |
| 650 | 0 | |a Espectroscopía |9 306791 | |
| 650 | 0 | |a Átomos |9 259583 | |
| 650 | 0 | |a Cinética |9 260943 | |
| 700 | 0 | |a Reid, Philip |e author |9 535903 | |
| 856 | |u http://bibliografiadigital.pucv.cl.pucv.idm.oclc.org/index.php/bibliotecapucv/catalog/book/579 |y Disponible Online | ||
| 942 | |c BK |2 ddc | ||
| 945 | |d 20090427 00:00:00 |a rbrito | ||
| 952 | |0 0 |1 0 |4 0 |6 541_300000000000000_ENG_2006 |7 0 |8 A |9 421875 |a BIBCUR |b BIBCUR |d 2019-11-22 |i 4544455 |l 6 |m 1 |o 541.3 ENG 2006 |p 4544455 |r 2025-04-22 |s 2024-04-26 |w 2019-11-22 |y BK |k QUI | ||
| 952 | |0 0 |1 0 |4 0 |6 541_300000000000000_ENG_2006 |7 0 |8 A |9 421876 |a BIBCUR |b BIBCUR |d 2019-11-22 |i 4544471 |l 9 |o 541.3 ENG 2006 |p 4544471 |q 2025-06-02 |r 2025-05-02 |s 2025-05-02 |w 2019-11-22 |y BK |k QUI | ||
| 952 | |0 0 |1 0 |4 0 |6 541_300000000000000_ENG_2006 |7 0 |8 A |9 421877 |a BIBCUR |b BIBCUR |d 2019-11-22 |i 454448K |l 2 |o 541.3 ENG 2006 |p 454448K |r 2025-04-22 |s 2023-08-28 |w 2019-11-22 |y BK |k QUI | ||
| 952 | |0 0 |1 0 |4 0 |6 541_300000000000000_ENG_2006 |7 0 |8 A |9 421878 |a BIBCUR |b BIBCUR |d 2019-11-22 |i 4544498 |l 8 |o 541.3 ENG 2006 |p 4544498 |r 2025-04-22 |s 2024-07-30 |w 2019-11-22 |y BK |k QUI | ||
| 952 | |0 0 |1 0 |4 0 |6 541_300000000000000_ENG_2006 |7 0 |8 A |9 421879 |a BIBCUR |b BIBCUR |d 2019-11-22 |i 4544501 |l 4 |o 541.3 ENG 2006 |p 4544501 |r 2025-04-22 |s 2024-04-04 |w 2019-11-22 |y BK |k QUI | ||
| 952 | |0 0 |1 0 |4 0 |6 541_300000000000000_ENG_2006 |7 0 |8 A |9 421880 |a BIBCUR |b BIBCUR |d 2019-11-22 |i 454451K |l 1 |o 541.3 ENG 2006 |p 454451K |r 2025-04-22 |s 2023-03-20 |w 2019-11-22 |y BK |k QUI | ||
| 952 | |0 0 |1 0 |4 0 |6 541_300000000000000_ENG_2006 |7 0 |8 A |9 421881 |a BIBCUR |b BIBCUR |d 2019-11-22 |i 4544528 |o 541.3 ENG 2006 |p 4544528 |r 2025-04-22 |w 2019-11-22 |y BK |k QUI | ||
| 952 | |0 0 |1 0 |4 0 |6 541_300000000000000_ENG_2006 |7 0 |8 A |9 421882 |a BIBCUR |b BIBCUR |d 2019-11-22 |i 4544536 |l 2 |o 541.3 ENG 2006 |p 4544536 |r 2025-04-22 |s 2024-03-26 |w 2019-11-22 |y BK |k QUI | ||
| 952 | |0 0 |1 0 |4 0 |6 541_300000000000000_ENG_2006 |7 0 |8 A |9 421883 |a BIBCUR |b BIBCUR |d 2019-11-22 |i 4544544 |l 6 |m 3 |o 541.3 ENG 2006 |p 4544544 |r 2025-04-22 |s 2024-03-18 |w 2019-11-22 |y BK |k QUI | ||
| 952 | |0 0 |1 0 |4 0 |6 541_300000000000000_ENG_2006 |7 0 |8 A |9 421884 |a BIBCUR |b BIBCUR |d 2019-11-22 |i 4544552 |l 7 |o 541.3 ENG 2006 |p 4544552 |r 2025-04-22 |s 2025-03-12 |w 2019-11-22 |y BK |k QUI | ||
| 952 | |0 0 |1 0 |4 0 |6 541_300000000000000_ENG_2006 |7 0 |8 A |9 421886 |a BIBING |b BIBING |d 2019-11-22 |i 4744667 |o 541.3 ENG 2006 |p 4744667 |r 2025-01-20 |w 2019-11-22 |y BK |k EIQ | ||
| 952 | |0 0 |1 0 |4 0 |6 541_300000000000000_ENG_2006 |7 0 |8 A |9 421887 |a BIBING |b BIBING |d 2019-11-22 |i 4744675 |o 541.3 ENG 2006 |p 4744675 |r 2025-01-20 |w 2019-11-22 |y BK |k EIQ | ||
| 952 | |0 0 |1 0 |2 ddc |4 0 |6 541_300000000000000_ENG_2006 |7 0 |8 A |9 421888 |a BIBCUR |b BIBCUR |d 2019-11-22 |i 4544463 |l 11 |m 1 |o 541.3 ENG 2006 |p 4544463 |r 2025-04-22 |s 2024-03-26 |w 2019-11-22 |y BK |k QUI | ||